| 000 | 00397nam a2200157Ia 4500 | ||
|---|---|---|---|
| 008 | 230711s9999||||xx |||||||||||||| ||und|| | ||
| 041 | _aENG | ||
| 082 |
_a658 _bBH-T |
||
| 100 | _aBhatia,S.K | ||
| 245 | 0 | _aPrinciples and techniques of personal management | |
| 250 | _a1st Ed. | ||
| 260 |
_c1989 _aNew Delhi _bChapman & Hall |
||
| 300 | _a450 | ||
| 650 | _aUNIVESITY BUSNIESS SCHOOL | ||
| 942 | _cBK | ||
| 999 |
_c2002 _d2002 |
||